000 00379nam a2200145Ia 4500
008 230917s9999||||xx |||||||||||||| ||und||
040 _e47178
_aMAIN
041 _aEnglish
082 _a822.33 S15N:S
100 _aNicoll, Allardyce, ed.
245 0 _aShakespeare in his own age
260 _aCambridge
_bCambridge University Press
_c1976
300 _ax, 276 p.
942 _cBK
999 _c191494
_d191494